000 00881nam a2200253Ia 4500
003 GCL
008 140319s9999 xx 000 0 ara d
040 _aGCL /
_cGCL
082 0 4 _a257.1
_bس ف
100 1 _aالسنهورى , عبدالرازق احمد
245 1 0 _aفقة الخلافة وتطورها لتصبح عصبة امم شرقية /
_cالسنهورى , عبدالرازق احمد
700 1 _aنادية عبدالرازق السنهورى(مراجع
700 1 _aتوفيق محمد الشاوى
260 _a[S.N] :
_bالهيئة المصرية العامة للكتاب ،
_c1993
300 _a371
490 _a
650 0 4 _aتاريخ
650 0 4 _aالاسلام
650 0 4 _aالخلافة
650 0 4 _aالتاريخ الاسلامى
650 0 4 _aنظام الحكم
650 0 4 _aالاسلام والسياسة
942 _2ddc
_cBK
999 _c58995
_d58995